BIBLIOTHÈQUE DE LA MAISON DU MEXIQUE

Logo 1 Logo 2

El estado de México (notice nᵒ 11581)

détails MARC
000 -Sello discográfico
campo de control de longitud fija 01032nam a2200313 4500
005 - Identificación de versión
campo de control 20250925141558.0
035 ## - Otros números de control del sistema
Número de control del sistema 15090
099 ## - fechas locales
Tipo de ítem Koha LIBRO
100 ## - Datos de procesamiento general
Datos de procesamiento general 20040707d1975 m y1spay5003 ba
101 ## - Idioma del recurso
Idioma del texto, banda sonora, etc. Español; Castellano
-- Inglés
-- Francés
105 ## - Campo de datos codificados: Material textual, monográfico
Datos codificados de monografía a 001zy
200 1# - Título y mención de responsabilidad
Título propio El estado de México
Designación general del material texto impreso
Primer mención de responsabilidad Manuel Peñafiel
210 ## - Publicación, distribución, etc.
Lugar de publicación, distribución, etc. México
Nombre del editor, distribuidor, etc. [s.d.]
Fecha de publicación, distribución, etc. 1975
215 ## - Descripción física
Designación de material específico y extensión del ítem [s.p]
Otras características físicas principalmente fot.
Dimensiones 30 cm
300 ## - Notas generales
Texto de la nota Edición trilingüe español-inglés-francés
318 ## - Nota de acción
Acción No se presta a domicilio
345 ## - Nota de información de adquisición
Fuente de adquisición/dirección de la suscripción [OBSOLETO] Donación
607 ## - Nombre geográfico utilizado como tema
Elemento de entrada México (Estado)
Subdivisión temática Descripción y viajes
-- Guías de viajeros
Número Koha 17593
660 ## - Código de área geográfica
Código MX
700 ## - Nombre personal - Responsabilidad primaria
Elemento de entrada Peñafiel
Parte del nombre distinta del elemento de entrada Manuel
Número Koha 18224
801 #0 - Fuente de origen
Agencia cm
900 ## -
-- 1/7815
900 ## -
-- 7100419580\070704
942 ## - ELEMENTOS DE ENTRADA SECUNDARIOS (KOHA)
Tipo de ítem Koha Livre
996 ## -
-- MEX
-- 751145101
-- MMAG
-- 002845
-- 917.251 P397E
-- 20200910LIV
996 ## -
-- MEX
-- 751145101
-- MMAG
-- 002846
-- R917.251 P397E
-- 20200910LIV
Exemplaires
Estatus retirado Estado de daño Estado de pérdida Fecha de adquisición Biblioteca de origen Biblioteca actual Ubicación en estantería Código de barras Precio de reemplazo Signatura topográfica completa No para préstamo Tipo de ítem Koha Nota pública Nota no pública
      05/08/2025 Casa México Paris Casa México Paris   002845 05/08/2025 917.251 P397E No se presta a domicilio Livre 20200910LIV 751145101